| 000 | 01076nam a22003497a 4500 | ||
|---|---|---|---|
| 003 | CHAP | ||
| 005 | 20240508141110.0 | ||
| 008 | 090105s2003 us a r 00010 eng d | ||
| 010 | _a95610 | ||
| 011 | _a96582 | ||
| 020 | _a0763721344 | ||
| 035 | _a107236 | ||
| 040 | _cCHAP | ||
| 082 | 0 | 4 |
_a581 _bM44 _22003 |
| 100 | 0 | 0 |
_aMauseth, James D. _973154 |
| 245 | 1 | 0 |
_aBotany : _ban introduction to plant biology _c/por James D. Mauseth |
| 250 | _a3 ed. | ||
| 260 |
_aBoston : _bJones and Bartlett, _cc2003 |
||
| 300 |
_axvii, 848, [41] p. : _bilus. + 1 CD (4 3/4 plg.) |
||
| 500 | _aIncluye glosario p. G-1 | ||
| 500 | _aIncluye índice analítico | ||
| 590 |
_aBATCH-UPD _b10 _c20130110 |
||
| 590 |
_aBATCH-UPD _b10 _c20130110 |
||
| 590 |
_aBATCH-UPD _b10 _c20130410 |
||
| 590 |
_aBATCH-UPD _b10 _c20130914 |
||
| 590 |
_aCONVERSION _b10 _c20130109 |
||
| 650 | 1 | 4 |
_aBotánica. _914477 |
| 650 | 1 | 4 |
_aBotánica _xClasificación. _914516 |
| 901 | _aBK | ||
| 942 |
_cLIBRO _2ddc |
||
| 949 |
_a581 M44 2003 _bBC _cLIBRO _d33724002075116 _eLIBRO _gI.c/e _h110297 _i107236 _si _t$1,253.45 |
||
| 999 |
_c95610 _d95610 |
||